| 000 | 00762nam a2200193 4500 | ||
|---|---|---|---|
| 008 | 061002r19791898cau b 001 0 eng | ||
| 020 | _a006061112X :USD19.00 | ||
| 090 |
_aBV4211.2 _bB78o _b1979 |
||
| 100 | 1 |
_aBroadus, John Albert, _d1827-1895. |
|
| 245 | 0 | 0 |
_aOn the preparation and delivery of sermons / _cJohn A. Broadus. |
| 250 |
_a4th ed. / _brev. by Vernon L. Stanfield. |
||
| 260 |
_aSan Francisco : _bHarper & Row, _cc1979. |
||
| 300 |
_axxv, 338 p. ; _c22 cm. |
||
| 500 | _aPublished in 1898 under title: A treatise on the preparation and delivery of sermons. | ||
| 504 | _aIncludes bibliographies and index. | ||
| 650 | 4 | _aPreaching. | |
| 700 | 1 | _aStanfield, Vernon L. | |
| 951 |
_p14223 _x00008119 _oBV4211.2/B78o/1979 _j070613111613625 _d2000-12-21 _cGC |
||
| 999 |
_c27725 _d27725 |
||